000 00501nam a2200169 i 4500
001 bg
100 1 _aTOKAHASHI, Yasundo
245 0 _aSterowanie i systemy dynamiczne /
_cYasundo Tokaharski, Michael J. Robins, Daniel M. Auslander.
260 _aWarszawa :
_bWydawnictwa Naukowo-Techniczne,
_c1976.
650 9 _aSterowanie
_xteoria
700 1 _aRABINS, Michael J.
700 1 _aAUSLANDER, David M.
040 _cBPK
041 _apol
942 _cKS
008 s pl f |000 0 pol
999 _c17260
_d17260
856 _uhttp://koha.tu.koszalin.pl/cgi-bin/koha/opac-detail.pl?biblionumber=17260
_yKatalog online BPK